[Event "FRA-ch op-A"]
[White "Daspres, Loic"]
[Black "Csomos, Romain"]
[Site "Pau"]
[Round "6"]
[Result "1/2-1/2"]
[Date "2008.08.17"]
[WhiteElo "2060"]
[BlackElo "2011"]
[PlyCount "103"]
[EventDate "2008.08.11"]
[EventType "swiss"]
[EventRounds "9"]
[EventCountry "FRA"]
[SourceTitle "CBM 126 Extra"]
[Source "ChessBase"]
[SourceDate "2008.11.05"]
[SourceVersion "1"]
[SourceVersionDate "2008.11.05"]
[SourceQuality "1"]

1. e4 e6 2. d4 d5 3. Nd2 Nf6 4. e5 Nfd7 5. Bd3 c5 6. c3 Qb6 7. Ne2 Nc6 8. Nf3 cxd4 9. cxd4 Bb4+ 10. Bd2 Bxd2+ 11. Qxd2 Qb4 12. a3 Qxd2+ 13. Nxd2 Nb6 14. 0-0 Bd7 15. b4 a6 16. Rfc1 Na7 17. Nb3 Bc6 18. Na5 Kd7 19. a4 Rab8 20. Nc3 Ke7 21. b5 axb5 22. axb5 Bd7 23. Nb3 Ra8 24. Na5 Rhb8 25. Ra3 Nac8 26. Rca1 Ra7 27. h4 h6 28. f4 Rba8 29. Kf2 h5 30. Kf3 Be8 31. g4 hxg4+ 32. Kxg4 g6 33. h5 gxh5+ 34. Kxh5 f5+ 35. Kg5 Nd7 36. Bxf5 exf5 37. Nxd5+ Kf7 38. e6+ Kxe6 39. Nc7+ Kf7 40. Nxa8 Rxa8 41. Nxb7 Rxa3 42. Rxa3 Ndb6 43. Ra6 Ke6 44. Nd8+ Kd5 45. Nc6 Kc4 46. Na7 Nxa7 47. Rxa7 Kxd4 48. Kxf5 Bxb5 49. Re7 Nd5 50. Re4+ Kc5 51. Re5 Kd6 52. Rxd5+ 1/2-1/2

[Event "FRA-ch op-A"]
[White "Fejzovski, Ekrem"]
[Black "Csomos, Romain"]
[Site "Pau"]
[Round "4"]
[Result "1-0"]
[Date "2008.08.15"]
[WhiteElo "2093"]
[BlackElo "2011"]
[PlyCount "51"]
[EventDate "2008.08.11"]
[EventType "swiss"]
[EventRounds "9"]
[EventCountry "FRA"]
[SourceTitle "CBM 126 Extra"]
[Source "ChessBase"]
[SourceDate "2008.11.05"]
[SourceVersion "1"]
[SourceVersionDate "2008.11.05"]
[SourceQuality "1"]

1. d4 e6 2. c4 b6 3. e4 Bb7 4. Nc3 Ne7 5. d5 exd5 6. cxd5 d6 7. Bg5 h6 8. Be3 Ng6 9. Nf3 a6 10. h4 Nd7 11. h5 Nge5 12. Nd4 c5 13. dxc6 Nxc6 14. Nxc6 Bxc6 15. Bc4 Be7 16. Rc1 Bb7 17. Bd5 Bxd5 18. Nxd5 Rc8 19. Rxc8 Qxc8 20. Bd4 f6 21. 0-0 Bd8 22. Qg4 Kf7 23. Qg6+ Kf8 24. Qf5 Kf7 25. Nf4 Be7 26. Qe6+ 1-0

[Event "FRA-ch op-A"]
[White "Lemoine, Benoit"]
[Black "Csomos, Romain"]
[Site "Pau"]
[Round "2"]
[Result "0-1"]
[Date "2008.08.13"]
[WhiteElo "2092"]
[BlackElo "2011"]
[PlyCount "112"]
[EventDate "2008.08.11"]
[EventType "swiss"]
[EventRounds "9"]
[EventCountry "FRA"]
[SourceTitle "CBM 126 Extra"]
[Source "ChessBase"]
[SourceDate "2008.11.05"]
[SourceVersion "1"]
[SourceVersionDate "2008.11.05"]
[SourceQuality "1"]

1. e4 e6 2. d4 d5 3. Nc3 Nf6 4. Bg5 dxe4 5. f3 exf3 6. Nxf3 Be7 7. Qd2 Nbd7 8. 0-0-0 h6 9. Bh4 0-0 10. g4 Nh7 11. Bxe7 Qxe7 12. Bd3 b6 13. h4 Bb7 14. Bxh7+ Kxh7 15. g5 g6 16. Qe2 h5 17. Rhf1 a5 18. Ng1 Ba6 19. Qf3 Bxf1 20. Rxf1 f5 21. Nh3 c5 22. d5 exd5 23. Nf4 d4 24. Ncd5 Qf7 25. Qb3 Rae8 26. Kd2 Re5 27. Re1 Rxe1 28. Kxe1 Kg7 29. Qb5 Re8+ 30. Kd2 Re4 31. Qc6 Ne5 32. Nxh5+ Kh8 33. Qa8+ Qg8 34. Qxg8+ Kxg8 35. Nhf6+ Kf7 36. Nxe4 Nc4+ 37. Ke2 fxe4 38. b3 Na3 39. Kd1 b5 40. Nc7 c4 41. Na6 Nb1 42. Nc5 Nc3+ 43. Ke1 Ke7 44. a4 bxa4 45. bxa4 e3 46. Kf1 Nd5 47. Ke2 Nc3+ 48. Kf3 Kd6 49. Nb7+ Kd5 50. Nxa5 e2 51. Kf2 d3 52. Nxc4 Kxc4 53. cxd3+ Kxd3 54. Ke1 Ke3 55. h5 Nd5 56. hxg6 Nf4 0-1